00973nam a2200229 a 450000100100000000500170001000800410002702000150006804000250008310000390010824000520014724501330019926000350033230000330036750000210040050400300042170000260045170000380047795201050051595201060062099900170072600003667120200930075850.0120124s1980 es a 000 0 spa d a8429155031 aDO-SdBNPbspacBNPHU1 aAlexander, J. Wesleyd1934-96295010aFundamentals of cilinical immunologylespañol10aPrincipios de inmunología clínica /cJ. Wesley Alexander, Robert A. Good ;versión español por Rafael Echevarría Ramos. aBarcelona :bReverté,c1980. aXII, 418 p. :bil. ;c22 cm. aIncluye índice aBibliografia: p. 399-408.12aGood, Robert A96295112aEchevarría Ramos, Rafael962952 001050718MOaGRbGRcCTd2012-01-24iLF1l0o p36671-10r2020-06-25w2020-06-25y1ZNo se presta 0010507-18MOaGRbGRcOId2012-01-24iLF1l0o p36672-10r2020-06-25w2020-06-25y1ZNo se presta c36162d36162